000 00650nab a2200205 a 4500
001 16603
003 35621
005 20201118095531.0
008 ||||||n9999 ||| || ||
041 _aspa
245 0 _aAcuerdo de complementacion economica entre la republica de Argentina y la replublica de Chile :
_bpp.106-113
260 _aBuenos Aires :
_bInstituto para la Integracion de America Latina,
_c1991.
300 _app. 106-113
562 _e0
650 _aARANCELES PREFERENCIALES
650 _aCOMERCIO EXTERIOR
650 _aRELACIONES BILATERALES
773 _016596
_aIntegracion Latinoamericana - No.171-172
942 _cSART
999 _c16603
_d16603